00395nam a2200145Ia 4500008004100000020001800041041000800059082002000067100001500087245004100102260004800143300002600191365001700217700001500234230718s9999 xx 000 0 und d a0-946536-09-0 aeng a621.381325bGRI aGentili C. aMicrowave Amplifiers And Oscillators c1986bNorth Oxford Academic Publishers Ltd. a150dRef 454 E (8691) cRs.b1625.80 aGentili C.